| 000 | 00513nam a22001577a 4500 | ||
|---|---|---|---|
| 005 | 20230112120612.0 | ||
| 008 | 200225b xxu||||| |||| 00| 0 eng d | ||
| 020 | _a978-81-239-1617-0 | ||
| 041 | _aeng | ||
| 100 |
_aNEMA,RAJESH KUMAR AND MEYYANATHAN, S.N. (OTHERS) _95127 |
||
| 245 | _aA PRACTICAL APPROACH TO PHARMACEUTICAL ANALYSIS: Instrumental and manual( for b . pharmacy and M. Pharmacy students) | ||
| 260 |
_aNEW DELHI _bCBS _c2008 |
||
| 300 | _a207p, | ||
| 650 |
_aPHARMACY _xB.PHARMA _97083 |
||
| 942 | _cBK | ||
| 999 |
_c6034 _d6032 |
||